| 000 | 00451nam a2200181Ia 4500 | ||
|---|---|---|---|
| 001 | 21443 | ||
| 005 | 20260306172919.0 | ||
| 008 | 260306t1998||||xx |||||||||||||| ||spa|| | ||
| 041 | _aESP | ||
| 082 |
_a345 _bM86 T. 2 |
||
| 100 |
_aMorello, Augusto M. _eAUT |
||
| 245 | 0 |
_aEstudios de derecho procesal: _bnuevas demandas: nuevas respuestas |
|
| 260 | _c1998 | ||
| 300 |
_a _c23 cm. |
||
| 650 | _aGEN | ||
| 654 | _aCDE | ||
| 942 |
_cLIB _dJUS _fJUS _2ddc _n |
||
| 999 |
_c21443 _d21443 |
||